00227nam a22000977a 4500040000800000082002200008100001800030245005400048942001000102999001700112 c339 a339 ROB 1985 C090 aROBERT SUGDEN aThe principles of practical cost-benefit analysis cAEDBB c11115d11115